000
00308nam a2200133Ia 4500
005
20260326235441.0
008
260326s9999||||xx |||||||||||||| ||und||
100
_a
Blackwell, Lewis
245
0
_a
Oficinas /
_c
Lewis Blackwell
260
_b
Gustavo Gili
300
_a
150 p.
650
_a
OFICINAS
942
_c
BK
999
_c
7411
_d
7411